<?xml version="1.0" encoding="UTF-8"?>
<record
    xmlns:xsi="http://www.w3.org/2001/XMLSchema-instance"
    xsi:schemaLocation="http://www.loc.gov/MARC21/slim http://www.loc.gov/standards/marcxml/schema/MARC21slim.xsd"
    xmlns="http://www.loc.gov/MARC21/slim">

  <leader>00800nam a2200205 a 4500</leader>
  <controlfield tag="005">20240506113007.0</controlfield>
  <controlfield tag="008">100708t2005||||sp a   g |||| 00| 0 spa d</controlfield>
  <datafield tag="020" ind1=" " ind2=" ">
    <subfield code="a">950964713</subfield>
  </datafield>
  <datafield tag="041" ind1=" " ind2=" ">
    <subfield code="a">spa</subfield>
  </datafield>
  <datafield tag="092" ind1=" " ind2=" ">
    <subfield code="c">610.03</subfield>
    <subfield code="l">3</subfield>
    <subfield code="s">ANT</subfield>
  </datafield>
  <datafield tag="100" ind1="1" ind2=" ">
    <subfield code="a">Ant&#xF3;n, Sebasti&#xE1;n</subfield>
    <subfield code="9">3751</subfield>
  </datafield>
  <datafield tag="245" ind1=" " ind2=" ">
    <subfield code="a">Diccionario Historia de la Medicina. </subfield>
    <subfield code="b">Fasc.4 Kr-P /</subfield>
    <subfield code="c">Sebasti&#xE1;n Ant&#xF3;n</subfield>
  </datafield>
  <datafield tag="250" ind1=" " ind2=" ">
    <subfield code="a">1a ed. </subfield>
    <subfield code="b">Traducci&#xF3;n Gerardo E. Laube</subfield>
  </datafield>
  <datafield tag="260" ind1=" " ind2=" ">
    <subfield code="a">Buenos Aires:</subfield>
    <subfield code="b">Editorial Anejo Producciones ; The Parthenon Publishing Group;</subfield>
    <subfield code="c">2005.</subfield>
  </datafield>
  <datafield tag="300" ind1=" " ind2=" ">
    <subfield code="a">469-626 p. </subfield>
    <subfield code="c">30x22 cm.</subfield>
  </datafield>
  <datafield tag="500" ind1=" " ind2=" ">
    <subfield code="a">Ant&#xF3;n, S. (2005). Diccionario Historia de la medicina. Fasc.4 KR-P. (1a ed.). Buenos Aires : Editorial Anejo Producciones ; The Parthenon Publishing Group.</subfield>
  </datafield>
  <datafield tag="653" ind1=" " ind2=" ">
    <subfield code="a">Diccionario</subfield>
  </datafield>
  <datafield tag="653" ind1=" " ind2=" ">
    <subfield code="a">Historia de la Medicina</subfield>
  </datafield>
  <datafield tag="942" ind1=" " ind2=" ">
    <subfield code="2">ddc</subfield>
    <subfield code="c">BK</subfield>
  </datafield>
  <datafield tag="999" ind1=" " ind2=" ">
    <subfield code="c">2165</subfield>
    <subfield code="d">2165</subfield>
  </datafield>
  <datafield tag="952" ind1=" " ind2=" ">
    <subfield code="0">0</subfield>
    <subfield code="1">0</subfield>
    <subfield code="2">ddc</subfield>
    <subfield code="4">0</subfield>
    <subfield code="7">0</subfield>
    <subfield code="a">BFM</subfield>
    <subfield code="b">BFM</subfield>
    <subfield code="c">CR</subfield>
    <subfield code="d">2015-05-28</subfield>
    <subfield code="e">Donacion Griselda Saulino, Mayo 2015</subfield>
    <subfield code="l">0</subfield>
    <subfield code="o">610.03 3 ANT</subfield>
    <subfield code="p">3491</subfield>
    <subfield code="r">2015-05-28</subfield>
    <subfield code="t">Ej.1</subfield>
    <subfield code="w">2015-05-28</subfield>
    <subfield code="y">BK</subfield>
    <subfield code="z">Hemeroteca 2022. Donacion Griselda Saulino, Mayo 2015</subfield>
    <subfield code="f"></subfield>
  </datafield>
</record>
